Bāyrūn /

محفوظ في:

المؤلف الرئيسي: Saïd, Aminah, 1953- (مؤلف)

التنسيق: كتاب

اللغة: Arabic

منشور في: [Miṣr : Maṭbaʻat al-Maʻārif wa-Maktabatuhā], 1944.

سلاسل: Iqra’ ; 15.

الموضوعات:

الوسوم: إضافة وسم

لا توجد وسوم, كن أول من يضع وسما على هذه التسجيلة!

رقم الطلب: PR4381 .S2 1944

LEADER 00941nam a2200253Ia 4500
003 OSt
005 20240204132159.0
008 130303s1944 ua 000 0bara d
952 |0 0  |1 0  |2 lcc  |4 0  |6 PR4381 S2 01944  |7 1  |9 61138  |a ARCE  |b ARCE  |d 2024-02-04  |l 0  |o PR4381 .S2 1944  |r 2024-02-04 00:00:00  |w 2024-02-04  |y BK 
999 |c 26756  |d 26756 
040 |c ARCE Library 
050 4 |a PR4381 .S2 1944 
100 1 |6 880-01  |a Saïd, Aminah,  |d 1953-  |e author 
245 1 0 |6 880-02  |a Bāyrūn /  |c Amīnah al-Saʻīd. 
264 1 |a [Miṣr :  |b Maṭbaʻat al-Maʻārif wa-Maktabatuhā],   |c 1944. 
300 |a 141 pages ;   |c 17 cm. 
490 1 |a Iqra’ ;  |v 15. 
600 1 0 |a Byron, George Gordon Byron,  |c Baron,  |d 1788-1824. 
650 0 |a Poets, English  |y 19th century  |v Biography. 
830 0 |a Iqra’ ;  |v 15. 
880 1 |6 100-01/(3/r  |a السعيد، امينة،  |d 1953- 
880 1 0 |6 245-02/(3/r  |a بايرون   |c أمينة السعيد 
901 |a reviewed 
942 |c BK  |2 lcc